Vista normal Vista MARC

Entrada Geographic Name

Número de registros utilizados en: 2

001 - CONTROL NUMBER

  • control field: 1679

003 - CONTROL NUMBER IDENTIFIER

  • control field: OSt

005 - DATE AND TIME OF LATEST TRANSACTION

  • control field: 20230504163451.0

008 - FIXED-LENGTH DATA ELEMENTS

  • fixed length control field: 230504|| aca||aabn | a|a d

040 ## - CATALOGING SOURCE

  • Original cataloging agency: OSt
  • Transcribing agency: OSt

151 ## - HEADING--GEOGRAPHIC NAME

  • Geographic name: Mompox (Bolívar, Colombia)
  • Form subdivision: Novela gráfica

670 ## - SOURCE DATA FOUND

  • Source citation: Work cat.: (OSt)0: Laurent Meremans, Muriel autora 1675, El antagonista









Instituto Departamental de Cultura del Meta - Red Departamental de Bibliotecas Públicas del Meta.